Pai, todos os animais soltam pum? (Record no. 12252)

MARC details
000 -LÍDER
campo de controle de tamanho fixo 00376 a2200157 4500
001 - NÚMERO DE CONTROLE
campo de controle 12252
020 ## - ISBN - INTERNATIONAL STANDARD BOOK NUMBER
ISBN - International Standard Book Number 9788574122663
040 ## - FONTE DA CATALOGAÇÃO
Instituição que transcreveu o registro Anchieta - Aquarius
100 ## - ENTRADA PRINCIPAL--NOME PESSOAL
Nome pessoal Brenman, Ilan
240 10 - TÍTULO UNIFORME
Título uniforme Pai, todos os animais soltam pum?
Idioma da obra por
245 10 - TÍTULO
Título Pai, todos os animais soltam pum?
300 ## - DESCRIÇÃO FÍSICA
Extensão 25
362 0# - DATAS DE PUBLICAÇÃO E/OU DESIGNAÇÃO SEQUENCIAL
Datas de publicação e/ou designação sequencial 2009
650 #4 - ASSUNTO--TERMO TÓPICO
Cabeçalho tópico ou nome geográfico Literatura infanto-juvenil
942 ## - ELEMENTOS DE ENTRADA ADICIONADOS (KOHA)
Tipo de material Koha Livros
Holdings
Situação do descarte Situação das perdas Situação física Não pode ser emprestado Biblioteca de origem Biblioteca atual Data de aquisição Total de empréstimos Número de chamada completo Código de barras Data de último acesso Data do preço efetivo Tipo de material Koha Data do último empréstimo
        Colégio Anchieta - Aquarius Colégio Anchieta - Aquarius 21/11/2023   028.5 BRE PAI 3317/AQU 21/11/2023 21/11/2023 Livros  
        Colégio Anchieta - Aquarius Colégio Anchieta - Aquarius 21/11/2023   028.5 BRE PAI 3318/AQU 21/11/2023 21/11/2023 Livros  
        Colégio Anchieta - Aquarius Colégio Anchieta - Aquarius 21/11/2023   028.5 BRE PAI 3320/AQU 21/11/2023 21/11/2023 Livros  
        Colégio Anchieta - Aquarius Colégio Anchieta - Aquarius 21/11/2023   028.5 BRE PAI 5697/AQU 21/11/2023 21/11/2023 Livros  
        Colégio Anchieta - Bela Vista Colégio Anchieta - Bela Vista 21/11/2023   028.5 B837p BRE PAI 699/BEL 19/08/2024 21/11/2023 Livros  
        Colégio São Paulo Colégio São Paulo 21/11/2023   LI 028.5 BRE PAI 3201/ITA 21/11/2023 21/11/2023 Livros  
        Colégio São Paulo Colégio São Paulo 21/11/2023   LI 028.5 BRE PAI 3202/ITA 21/11/2023 21/11/2023 Livros  
        Colégio Anchieta - Aquarius Inspira 21/11/2023 1 028.5 BRE PAI 3319/AQU 21/11/2023 21/11/2023 Livros 21/11/2023
        Leonardo Da Vinci - Alphaville 2 Leonardo Da Vinci - Alphaville 2 27/03/2024   028.5 B837p 2A60 27/03/2024 27/03/2024 Livros